|
|
|
|
| LEADER |
00726cam a2200229 7i4500 |
| 001 |
0000033985 |
| 005 |
20170124090000.0 |
| 007 |
##ta |
| 008 |
170124110309s2010 my a e 001 0 eng |
| 020 |
# |
# |
|a 9789833831470
|
| 040 |
# |
# |
|a MATR
|
| 090 |
0 |
0 |
|a B 428.2
|b BUR
|
| 100 |
1 |
# |
|a Burckmyer, Becky
|e author
|
| 245 |
1 |
0 |
|a AWESOME GRAMMAR
|c by Becky Burckmyer.
|
| 264 |
# |
1 |
|a Petaling Jaya:
|b Advantage Quest Publications,
|c 2010.
|
| 300 |
# |
# |
|a 208 pages:
|b illustrations;
|c 22 cm.
|
| 336 |
# |
# |
|a text
|2 rdacontent
|
| 337 |
# |
# |
|a unmediated
|2 rdamedia
|
| 338 |
# |
# |
|a volume
|2 rdacarrier
|
| 650 |
# |
0 |
|a English language --
|x Rhetoric
|
| 650 |
# |
0 |
|a English language --
|x Grammar
|
| 999 |
|
|
|a 0000037048
|b Book
|c Book
|e Business Information Centre
|